书目信息 |
| 题名: |
中医外科临床手册
|
|
| 作者: | 顾伯华 主编 | |
| 分册: | ||
| 出版信息: | 上海 上海科学技术出版社 1980 |
|
| 页数: | 534页 | |
| 开本: | 19cm | |
| 丛书名: | ||
| 单 册: | ||
| 中图分类: | R26-62 | |
| 科图分类: | ||
| 主题词: | 中医外科--手册 | |
| 电子资源: | ||
| ISBN: | ||
| 000 | 00655nam0 2200241 45 | |
| 001 | 0180008972 | |
| 005 | 20060418154553.15 | |
| 010 | @dCNY1.60 | |
| 091 | @a14119.1232 | |
| 100 | @a19950619d1980 k y0chiy0121 ea | |
| 101 | 0 | @achi |
| 102 | @aCN@b310000 | |
| 105 | @ay z 000yy | |
| 200 | 10 | @a中医外科临床手册@Azhong yi wai ke lin chuang shou ce@f顾伯华主编@Fgu bo hua zhu bian |
| 205 | @a2版 | |
| 210 | @a上海@c上海科学技术出版社@d1980 | |
| 215 | @a534页@d19cm | |
| 606 | @a中医外科@x手册 | |
| 690 | @aR26-62@v4 | |
| 701 | 0 | @a顾伯华@Agu bo hua@4主编 |
| 801 | 0 | @aCN@bTSSF@c20060418 |
| 801 | 2 | @aCN@bNLC@c20060410 |
| 905 | @a10447@dR26-62@e1 | |
| 中医外科临床手册/顾伯华主编.-2版.-上海:上海科学技术出版社,1980 |
| 534页;19cm |
| ISBN :CNY1.60 |
| ● |
| 相关链接 |
|
|
|
|
正题名:中医外科临床手册
索取号:R26-62/1
 
预约/预借
| 序号 | 登录号 | 条形码 | 馆藏地/架位号 | 状态 | 备注 |
| 1 | 0037561 | 202234787 | 密集书库/ [索取号:R26-62/1] | 在馆 | |
| 2 | 0037562 | 202244124 | 密集书库/ [索取号:R26-62/1] | 在馆 |